000
00324nam a2200133Ia 4500
005
20251222144728.0
008
251222s9999||||xx |||||||||||||| ||spa||
020
_a
8587742051
082
_a
301.298.1/F96
245
0
_a
Ministerio da Cultura
250
_a
1ra.ed.
264
_b
Fundação Bienal de São Paulo
942
_c
LIB
999
_c
18475
_d
18475